| 000 | 01122nab a2200277u 4500 | ||
|---|---|---|---|
| 001 | 11722 | ||
| 003 | HDC | ||
| 007 | c| |||a|c|aaaa | ||
| 008 | 210202b20120520my ||||| |||| 00| 0 may d | ||
| 040 | _aHDC | ||
| 100 |
_aTee, Lin Say, _eauthor _98504 |
||
| 245 | 0 |
_aPM calls for Islamic finance transformation / _cTee Lin Say and Sharidan M. Ali |
|
| 260 |
_aKuala Lumpur : _bThe New Straits Times Press (M) Bhd., _c2010 |
||
| 336 |
_atext _2rdacontent |
||
| 337 |
_acomputer _2rdamedia |
||
| 338 |
_aonline resource _2rdacarrier |
||
| 650 |
_aIslamic commerce _912079 |
||
| 650 |
_aIslamic finance _9181 |
||
| 700 |
_aSharidan M. Ali,, _eauthor _910667 |
||
| 710 |
_aThe New Straits Times _eissuing body |
||
| 856 | _zRequest full-text at [email protected] | ||
| 856 | _zRequest full-text at [email protected] | ||
| 942 | _2lcc | ||
| 942 | _cNEWS | ||
| 942 | _kNWSC 000064 | ||
| 999 |
_c9045 _d9045 |
||